Central Library, Doon University
WEBOPAC (ONLINE PUBLIC ACCESS CATALOGUE)

Modern Macroeconomics (Record no. 60022)

MARC details
000 -LEADER
fixed length control field 00470nam a22001817a 4500
005 - DATE & TIME
control field 20260121121322.0
008 - FIXED-LENGTH DATA ELEMENTS--GENERAL INFORMATION
fixed length control field 260121b |||||||| |||| 00| 0 eng d
020 ## - ISBN
International Standard Book Number 9789391820732
Price 525.00
040 ## - CATALOGING SOURCE
Original cataloging agency Doon University
041 ## - Language
Language English
082 ## - DDC NUMBER
Classification number 339.01
Book Number MIS
100 ## - MAIN ENTRY--PERSONAL NAME
Personal name Mishra, Amritkant
245 ## - TITLE STATEMENT
Title Modern Macroeconomics
Sub Title : Bridging Concepts to Realities
260 ## - PUBLICATION, DISTRIBUTION, ETC. (IMPRINT)
Place of publication, distribution, etc New Delhi
Name of publisher, distributor, etc S. Chand
Date of publication, distribution, etc 2025
300 ## - PHYSICAL DESCRIPTION
Pages 571
650 ## - Subject
Subject Commerce
942 ## - ADDED ENTRY ELEMENTS (KOHA)
Koha item type Books
100 ## - MAIN ENTRY--PERSONAL NAME
-- 25989
952 ## - LOCATION AND ITEM INFORMATION (KOHA)
-- 2026-01-21
952 ## - LOCATION AND ITEM INFORMATION (KOHA)
-- 2026-01-21
952 ## - LOCATION AND ITEM INFORMATION (KOHA)
-- 2026-01-21
952 ## - LOCATION AND ITEM INFORMATION (KOHA)
-- 2026-01-21
952 ## - LOCATION AND ITEM INFORMATION (KOHA)
-- 2026-01-21
Holdings
Withdrawn status Lost status Source of classification or shelving scheme Damaged status Not for loan Location (home branch) Sublocation or collection (holding branch) Date acquired Koha full call number Accession No. Koha date last seen Koha item type Koha issues (times borrowed)
        Not For Loan Doon University Doon University 21.01.2026 339.01 MIS 51499 21.01.2026 Reference  
          Doon University Doon University 21.01.2026 339.01 MIS 51500 21.01.2026 Books  
          Doon University Doon University 21.01.2026 339.01 MIS 51501 21.01.2026 Books  
          Doon University Doon University 21.01.2026 339.01 MIS 51502 21.01.2026 Books  
          Doon University Doon University 21.01.2026 339.01 MIS 51503 21.01.2026 Books  
Contact : +91-135-2533126 (Library),+91-135-2533105 (Admin Office) , Email : doonlibrary@gmail.com

Powered by Koha